00845 a2200193 4500003000500000005001700005040000900022082001900031100002400050245005000074260003100124300002300155505025700178600002400435650003400459942001200493999001900505952012700524Nust20221205092425.0 cNust a621.381528,PET aF.R. Pettit9104065 aServicing transistor receivers /cF.R. Pettit aNorman PricebLondonc1963 a96 pbillusc19 cm aTransistors (Page-9), Transistor Receivers (Page-14), Test Equipment (Page-29), Faults and Fault Finding (Page-34), Transistor DC Tests (Page-52), Receiver Alignment and RF Tests (Page-59), Testing Transistors (Page-64), Transistor Equivalent (Page-74) aF.R. Pettit9104065 aTelecommunication Engineering 2ddccBK c182356d182356 00102ddc4070aMCSbMCScGENd2016-12-12o621.381528,PETpMCS7419r2016-12-08w2016-12-12yBKzAlmirah No.34, Shelf No.2